000 00590nam a2200205Ia 4500
005 20250923145912.0
008 008 250917s9999 xx 000 0 eng d
037 _aTextual
040 _aDSWL
_beng
_cDSWL
041 _aeng
_2eng
084 _aX8(J):322.275, N93
_qDSWL
100 _aBhaumik, S.K.
_9840112
245 0 _aTenancy relations and Agrarian developing
_c by S.K. Bhaumik
260 _aNew Delhi
_bSage Vistaar
_c1993
300 _a204p.
365 _aINR
_b235.00
925 _g235.00
942 _cTEXL
_hX8(J):322.275, N93
999 _c1457141
_d1457141